Holiday Quiz

Random Holiday or Company Quiz

Who Makes My Halloween Candy? Quiz Stats

Quiz Updated Oct 15, 2017

Also try: Halloween Treats
Challenge
Share
Tweet
Embed
Score 0/25 Timer 03:00
9 Plays Today
Question Answer Wrong Answers
Kisses Hershey
89.4%
Mars
1.9%
Wonka
0.7%
Wrigley
0.8%
Everlasting Gobstopper Wonka
83.1%
Mars
2.4%
Hershey
1.7%
Wrigley
5.4%
Nerds Wonka
78.5%
Mars
3.4%
Hershey
3.2%
Wrigley
7.5%
Milky Way Mars
75.9%
Hershey
15.8%
Wonka
0.5%
Wrigley
0.5%
Hubba Bubba Wrigley
73.1%
Mars
3.3%
Hershey
2.9%
Wonka
13.4%
Runts Wonka
71%
Mars
5.4%
Hershey
5.6%
Wrigley
10.4%
Snickers Mars
70%
Hershey
21.6%
Wonka
0.4%
Wrigley
0.7%
Reese's Peanut Butter Cups Hershey
68.3%
Mars
21.9%
Wonka
1%
Wrigley
1.3%
3 Musketeers Mars
67.1%
Hershey
21.3%
Wonka
1.9%
Wrigley
2.4%
Fun Dip Wonka
67.1%
Mars
4.2%
Hershey
4.4%
Wrigley
16.9%
Laffy Taffy Wonka
66.9%
Mars
4%
Hershey
5.1%
Wrigley
16.6%
Life Savers Wrigley
65.4%
Mars
8.6%
Hershey
10.1%
Wonka
8.3%
Twix Mars
63.6%
Hershey
26.9%
Wonka
0.7%
Wrigley
1.2%
Bottle Caps Wonka
63%
Mars
4.9%
Hershey
5.1%
Wrigley
19.3%
M&M's Mars
62.1%
Hershey
28.8%
Wonka
0.5%
Wrigley
1.3%
SweeTARTS Wonka
54%
Mars
7.5%
Hershey
7.6%
Wrigley
23.8%
Almond Joy Hershey
48.4%
Mars
40.9%
Wonka
1.4%
Wrigley
2.1%
Mounds Hershey
46.5%
Mars
40.2%
Wonka
2.6%
Wrigley
3.2%
Starburst Wrigley
41.9%
Mars
26.3%
Hershey
11.6%
Wonka
12.7%
Bounty Mars
41.6%
Hershey
19%
Wonka
10.1%
Wrigley
21.7%
Rolo Hershey
40.2%
Mars
45.5%
Wonka
2.4%
Wrigley
4.4%
Whoppers Hershey
39.5%
Mars
35.1%
Wonka
12.4%
Wrigley
5.5%
Dove Mars
39.2%
Hershey
43.1%
Wonka
2.8%
Wrigley
7.4%
Skittles Wrigley
27.2%
Mars
38.9%
Hershey
14.7%
Wonka
12.2%
Jolly Rancher Hershey
17.7%
Mars
9.7%
Wonka
21.3%
Wrigley
44.3%

You're not logged in!

Compare scores with friends on all Sporcle quizzes.
Join for Free
OR
Log In

You Might Also Like...

Show Comments

Extras

Top Quizzes Today


Score Distribution

Your Account Isn't Verified!

In order to create a playlist on Sporcle, you need to verify the email address you used during registration. Go to your Sporcle Settings to finish the process.

Report this User

Report this user for behavior that violates our Community Guidelines.

Details: